History Quiz

Random History Quiz

Titanic Characters Quiz Stats

 Plays Quiz not verified by Sporcle

Challenge
Share
Tweet
Embed
Score 0/27 Timer 05:00
0 Plays Today
Description Name % Correct
CaptainEdward J. Smith
91.4%
Ship's designerThomas Andrews
77.4%
U. S. senator (R, MI) who headed inquiryWilliam Alden Smith
76.3%
First OfficerWilliam M. Murdoch
72%
Chairman of the White Star LineJ. Bruce Ismay
71.2%
Richest man on boardJohn Jacob Astor
61.8%
SocialiteMolly Brown
60.2%
Second OfficerCharles H. Lightoller
47.2%
Founder of Macy'sIsidor Straus
40%
Smelting magnateBenjamin Guggenheim
37.7%
Junior Wireless OperatorHarold Bride
35.4%
Lookout who sighted the icebergFrederick Fleet
34.1%
Fifth OfficerHarold G. Lowe
31.6%
Sixth OfficerJames P. Moody
31.4%
Description Name % Correct
Woods Hole oceanographerDr. Robert D. Ballard
30.1%
Senior Wireless OperatorJack Phillips
28%
Chief OfficerHenry T. Wilde
26.3%
Fourth OfficerJoseph G. Boxhall
24.6%
Leader of the bandWallace Hartley
24.1%
Third OfficerHerbert J. Pitman
19.4%
Military historianArchibald Gracie
17.9%
Captain of nearby ship 'Californian'Stanley Lord
17.9%
Helmsman at time of collisionRobert Hitchens
16.8%
Captain of rescue ship 'Carpathia'Sir Arthur H. Rostron
16.4%
Chief EngineerJoseph Bell
11.4%
Chief PurserHerbert McElroy
9.2%
Commissioner who headed British inquiryLord Mersey
7.5%

You're not logged in!

Compare scores with friends on all Sporcle quizzes.
OR
Log In

You Might Also Like...

Show Comments

Extras

Top Quizzes Today


Score Distribution

Your Account Isn't Verified!

In order to create a playlist on Sporcle, you need to verify the email address you used during registration. Go to your Sporcle Settings to finish the process.

Report this User

Report this user for behavior that violates our Community Guidelines.

Details: